[Event "XI Festival A"]
[Site "Nichelino ITA"]
[Date "2010.10.02"]
[Round "4"]
[White "Grinza, Andrea"]
[Black "Biancotti, Alessandro"]
[Result "0-1"]
[WhiteElo "2239"]
[BlackElo "1895"]
[PlyCount "110"]
[EventDate "2010.09.30"]

1. d4 Nf6 2. c4 g6 3. Nc3 d5 4. cxd5 Nxd5 5. e4 Nxc3 6. bxc3 Bg7 7. Rb1 O-O 8.
Nf3 c5 9. Be2 Nc6 10. d5 Bxc3+ 11. Bd2 Bxd2+ 12. Qxd2 Na5 13. Qh6 f6 14. h4 Qe8
15. Rc1 b6 16. Rc3 Qf7 17. Nh2 Nb7 18. Rg3 Nd6 19. Bh5 Qg7 20. Qf4 Bd7 21. Ng4
Nf7 22. Ne3 f5 23. Nxf5 Qa1+ 24. Bd1 Bxf5 25. exf5 Nd6 26. O-O Rxf5 27. Qa4 Qf6
28. Bg4 Rf4 29. Be6+ Kh8 30. Qc6 Rf8 31. h5 Rxf2 32. Rf3 Rxf1+ 33. Kxf1 Qa1+
34. Ke2 Qb2+ 35. Kd1 Qd4+ 36. Ke2 Qe4+ 37. Kd1 Rxf3 38. Qa8+ Kg7 39. gxf3 Qxf3+
40. Kc1 Nc4 41. Qg8+ Kh6 42. Qh8 Qf6 43. Qxf6 exf6 44. hxg6 hxg6 45. Kc2 Kh5
46. Kd3 Nd6 47. a4 g5 48. Ke3 f5 49. Kf3 a6 50. Bd7 b5 51. a5 b4 52. Ba4 c4 53.
Ke3 g4 54. Kf4 Kh4 55. Ke5 g3 0-1

[Event "XI Festival A"]
[Site "Nichelino ITA"]
[Date "2010.10.02"]
[Round "4"]
[White "Lombardi, Mariano"]
[Black "Barcellona, Antonino"]
[Result "0-1"]
[WhiteElo "2117"]
[BlackElo "1793"]
[PlyCount "58"]
[EventDate "2010.09.30"]

1. e4 d6 2. d4 Nf6 3. Bd3 g6 4. Nf3 Bg7 5. O-O O-O 6. Re1 Bg4 7. Nbd2 e5 8. d5
c6 9. c4 cxd5 10. cxd5 Nbd7 11. b4 Rc8 12. Nc4 Nb6 13. Ne3 Bxf3 14. gxf3 Nfxd5
15. exd5 e4 16. Rb1 exd3 17. Qxd3 Qg5+ 18. Kh1 Qh5 19. Qe4 Be5 20. f4 f5 21.
Qg2 Bxf4 22. Bb2 Rfe8 23. Bd4 Nc4 24. Bxa7 Nd2 25. Rbc1 Nf3 26. h3 Nxe1 27.
Rxe1 Ra8 28. Bd4 Rxa2 29. b5 Ra4 0-1

[Event "XI Festival A"]
[Site "Nichelino ITA"]
[Date "2010.10.02"]
[Round "4"]
[White "Manni, Stefano"]
[Black "Pulito, Alberto"]
[Result "0-1"]
[WhiteElo "2005"]
[BlackElo "2263"]
[PlyCount "35"]
[EventDate "2010.09.30"]

1. e4 e6 2. Nf3 d5 3. e5 c5 4. c3 Nc6 5. Na3 f6 6. Bb5 Nh6 7. O-O Nf7 8. Re1 f5
9. Nc2 g5 10. d4 g4 11. Nd2 Qb6 12. Bxc6+ bxc6 13. c4 cxd4 14. cxd5 exd5 15. e6
Nd6 16. Nb3 c5 17. Bf4 Bg7 18. Qe2 0-1

[Event "XI Festival A"]
[Site "Nichelino ITA"]
[Date "2010.10.02"]
[Round "4"]
[White "Martin, Tiziano"]
[Black "Blundo, Michele"]
[Result "1-0"]
[WhiteElo "1955"]
[BlackElo "1743"]
[PlyCount "59"]
[EventDate "2010.09.30"]

1. e4 c5 2. Nf3 d6 3. Bb5+ Bd7 4. a4 Nf6 5. Nc3 e6 6. O-O Be7 7. Re1 a6 8.
Bxd7+ Nbxd7 9. a5 O-O 10. Qe2 Qc7 11. d3 Rfe8 12. h3 Rac8 13. Bf4 b5 14. axb6
Qxb6 15. Bc1 Ra8 16. Nd2 Ne5 17. Kh1 Reb8 18. Nc4 Nxc4 19. dxc4 Nd7 20. f4 Qd8
21. e5 dxe5 22. fxe5 Bg5 23. b3 Bxc1 24. Rexc1 Qg5 25. Re1 Nf8 26. Na4 Rd8 27.
Rad1 Nd7 28. Rd6 h6 29. Red1 Kf8 30. Rxd7 1-0

[Event "XI Festival A"]
[Site "Nichelino ITA"]
[Date "2010.10.02"]
[Round "4"]
[White "Medaglia, Enzo"]
[Black "Ravazzolo, Gaia"]
[Result "1/2-1/2"]
[WhiteElo "1756"]
[BlackElo "1722"]
[PlyCount "59"]
[EventDate "2010.09.30"]

1. e4 c6 2. d4 d5 3. e5 c5 4. c3 Nc6 5. Be3 cxd4 6. cxd4 e6 7. Ne2 Bd7 8. Nbc3
Bb4 9. a3 Ba5 10. Ng3 Nge7 11. Bd3 a6 12. O-O Rc8 13. b4 Bb6 14. Nce2 O-O 15.
Bb1 Ng6 16. Ra2 Nce7 17. Nc1 Bb5 18. Bd3 Bc4 19. Bxc4 dxc4 20. Ne4 Nf5 21. Nc5
Qd5 22. Qf3 Qxf3 23. gxf3 Bxc5 24. bxc5 Ngh4 25. f4 Nf3+ 26. Kh1 N3xd4 27. Bxd4
Nxd4 28. Rd2 Rfd8 29. Rfd1 Nc6 30. Rd6 1/2-1/2

[Event "XI Festival A"]
[Site "Nichelino ITA"]
[Date "2010.10.02"]
[Round "4"]
[White "Passerotti, Pierluigi"]
[Black "Cacinschi, Alexandru"]
[Result "1/2-1/2"]
[WhiteElo "2268"]
[BlackElo "1959"]
[PlyCount "81"]
[EventDate "2010.09.30"]

1. d4 Nf6 2. Nf3 e6 3. Bg5 Be7 4. e3 b6 5. Bd3 Bb7 6. O-O O-O 7. Nbd2 d5 8. c4
Nbd7 9. Rc1 dxc4 10. Nxc4 c5 11. Qe2 cxd4 12. exd4 Nd5 13. Bd2 N7f6 14. a3 Rc8
15. Rfe1 Bd6 16. Nce5 h6 17. Bb1 Qe7 18. Qd3 Rxc1 19. Bxc1 Rc8 20. h4 Qc7 21.
Bd2 Ne7 22. g4 Kf8 23. g5 hxg5 24. hxg5 Nfg8 25. Qh7 Bxf3 26. Nxf3 g6 27. Ne5
Bxe5 28. dxe5 Qc4 29. Re4 Qd5 30. Rf4 Ke8 31. Qxf7+ Kd7 32. Rf3 Qxe5 33. Rd3+
Kc6 34. Rc3+ Kb7 35. Bxg6 Rxc3 36. bxc3 Qe2 37. Be3 Qg4+ 38. Kh2 Qh4+ 39. Kg2
Qg4+ 40. Kf1 Qd1+ 41. Kg2 1/2-1/2

[Event "XI Festival A"]
[Site "Nichelino ITA"]
[Date "2010.10.02"]
[Round "4"]
[White "Pesiri, Rossano"]
[Black "Babilonia, Mauricio Rafael"]
[Result "1/2-1/2"]
[WhiteElo "1960"]
[BlackElo "2007"]
[PlyCount "88"]
[EventDate "2010.09.30"]

1. d4 Nf6 2. c4 e6 3. Nc3 d5 4. Nf3 c6 5. Bg5 Be7 6. e3 Nbd7 7. Bd3 O-O 8. Rc1
dxc4 9. Bxc4 b5 10. Bd3 a6 11. O-O Bb7 12. e4 c5 13. e5 Nd5 14. Ne4 Bxg5 15.
Nfxg5 h6 16. Nxf7 Rxf7 17. Nd6 Qg5 18. Nxb7 Nf4 19. Qf3 Nxd3 20. Qxd3 Raf8 21.
Qe3 cxd4 22. Qxg5 hxg5 23. Nd6 Rf4 24. g3 Rf3 25. Rcd1 d3 26. Ne4 Nxe5 27. Nxg5
R3f6 28. f4 Nc4 29. Rxd3 Nxb2 30. Rd6 e5 31. Rxf6 gxf6 32. Ne6 Rc8 33. fxe5
fxe5 34. Re1 Nc4 35. Kf2 Kf7 36. Ng5+ Kg6 37. Nf3 Re8 38. Re4 Kf5 39. Re2 e4
40. Nd4+ Kg4 41. Kg2 e3 42. h3+ Kg5 43. Nc2 Kf5 44. Kf3 Nd2+ 1/2-1/2

[Event "XI Festival A"]
[Site "Nichelino ITA"]
[Date "2010.10.02"]
[Round "4"]
[White "Razzano, Lorenzo"]
[Black "Negro, Francesco P."]
[Result "1-0"]
[WhiteElo "1928"]
[BlackElo "1752"]
[PlyCount "89"]
[EventDate "2010.09.30"]

1. e4 d5 2. Nc3 dxe4 3. Nxe4 Nf6 4. Nxf6+ gxf6 5. g3 Bf5 6. Bg2 c6 7. d3 e6 8.
Be3 Nd7 9. Qd2 Nb6 10. Ne2 Nd5 11. Nd4 Bg6 12. O-O-O Qc7 13. Kb1 Nxe3 14. Qxe3
O-O-O 15. Nb3 Kb8 16. f4 Bg7 17. Rhf1 f5 18. d4 Rd6 19. Kc1 Rhd8 20. c3 b6 21.
Qf3 a5 22. Nd2 b5 23. Nb3 Ka7 24. Nc5 a4 25. a3 Qb6 26. Rfe1 Qc7 27. Re3 Qb6
28. Rde1 Rc8 29. Nd3 Qc7 30. Ne5 Bxe5 31. dxe5 Rd7 32. Rd1 Rcd8 33. Red3 Rxd3
34. Rxd3 Rxd3 35. Qxd3 c5 36. Qxb5 Qb6 37. Qc4 Qa6 38. Qxa6+ Kxa6 39. c4 Ka5
40. Kc2 Bh5 41. Kc3 Kb6 42. b4 cxb4+ 43. axb4 Bd1 44. Kd4 Bb3 45. Bf1 1-0

[Event "XI Festival A"]
[Site "Nichelino ITA"]
[Date "2010.10.02"]
[Round "4"]
[White "Rizzo, Simone"]
[Black "Bisi, Riccardo"]
[Result "1-0"]
[WhiteElo "1890"]
[BlackElo "1587"]
[PlyCount "81"]
[EventDate "2010.09.30"]

1. d4 d5 2. c4 e6 3. Nc3 Nf6 4. Bg5 Bb4 5. e3 Nc6 6. Nf3 h6 7. Bh4 O-O 8. Bd3
Re8 9. Ne5 dxc4 10. Bxc4 Nxe5 11. dxe5 Qxd1+ 12. Rxd1 Ne4 13. Rc1 g5 14. Bg3
Rd8 15. O-O Nxg3 16. hxg3 a6 17. Rfd1 Rxd1+ 18. Rxd1 Be7 19. Be2 b5 20. Ne4 Bb7
21. Nf6+ Bxf6 22. exf6 Bd5 23. Bf3 Bxf3 24. gxf3 Rc8 25. f4 Kf8 26. Kf1 Ke8 27.
Ke2 Rd8 28. Rh1 e5 29. Rxh6 Rd6 30. Rh8+ Kd7 31. Rg8 Rxf6 32. Rxg5 Kd6 33. Rg8
Rg6 34. Ra8 Kc5 35. Rf8 Rg7 36. Kd3 Kd5 37. Rd8+ Kc6 38. Ke4 f6 39. Rf8 Rg6 40.
Kf5 Rh6 41. Rxf6+ 1-0

[Event "XI Festival A"]
[Site "Nichelino ITA"]
[Date "2010.10.02"]
[Round "4"]
[White "Sattanino, Andrea"]
[Black "Finocchiaro, Gianluca"]
[Result "0-1"]
[WhiteElo "1818"]
[BlackElo "2121"]
[PlyCount "44"]
[EventDate "2010.09.30"]

1. d4 Nf6 2. c4 c5 3. d5 b5 4. cxb5 a6 5. e3 g6 6. Nc3 Bg7 7. Nf3 axb5 8. Bxb5
Qa5 9. O-O O-O 10. Qe2 d6 11. Nd2 Ba6 12. Nb3 Bxb5 13. Nxb5 Qb6 14. Nc3 Na6 15.
e4 Nb4 16. Be3 Nxa2 17. Nxa2 Qxb3 18. Nc3 Nd7 19. Qd2 Ne5 20. Bh6 Nc4 21. Qf4
Rxa1 22. Rxa1 Qxb2 0-1

[Event "XI Festival A"]
[Site "Nichelino ITA"]
[Date "2010.10.02"]
[Round "4"]
[White "Topczewski, Damian"]
[Black "Damia, Angelo"]
[Result "0-1"]
[WhiteElo "2165"]
[BlackElo "2287"]
[PlyCount "122"]
[EventDate "2010.09.30"]

1. e4 c5 2. Nf3 a6 3. c4 Nc6 4. d4 cxd4 5. Nxd4 e5 6. Nxc6 dxc6 7. Qxd8+ Kxd8
8. Be3 Nf6 9. f3 Nd7 10. Nc3 Bc5 11. Kf2 a5 12. Na4 Bxe3+ 13. Kxe3 b6 14. Rd1
Kc7 15. Be2 Nc5 16. Nxc5 bxc5 17. Rd2 Be6 18. Rhd1 Rab8 19. h4 Rb4 20. Rc1 h6
21. f4 exf4+ 22. Kxf4 g5+ 23. Kg3 gxh4+ 24. Kxh4 Rhb8 25. b3 Rg8 26. g4 a4 27.
Rc3 Rg5 28. Bd1 axb3 29. axb3 Rb8 30. Rg3 Rbg8 31. Rdd3 R8g6 32. Be2 Rf6 33.
Rdf3 Rxf3 34. Bxf3 Kd6 35. Rh3 Ke5 36. Kg3 Rg6 37. Rh5+ Kd4 38. Kf4 Rf6+ 39.
Rf5 Rg6 40. Rh5 Bd7 41. Re5 Bxg4 42. Re7 Be6 43. e5 Rg5 44. Bxc6 Rf5+ 45. Kg3
Rxe5 46. Ba4 Re3+ 47. Kf2 Rc3 48. Re8 h5 49. Rh8 Bg4 50. Rd8+ Ke4 51. Rd5 Rf3+
52. Kg2 Rf5 53. Rd8 Re5 54. Kg3 Ke3 55. Rd5 Ke4 56. Rd8 f5 57. Bc6+ Ke3 58. Rd5
f4+ 59. Kh4 Rxd5 60. cxd5 f3 61. Kg3 f2 0-1

[Event "XI Festival A"]
[Site "Nichelino ITA"]
[Date "2010.10.02"]
[Round "4"]
[White "Torrione, William"]
[Black "Petrini, Alberto"]
[Result "1-0"]
[WhiteElo "2018"]
[BlackElo "1711"]
[PlyCount "117"]
[EventDate "2010.09.30"]

1. d4 Nf6 2. c4 g6 3. Nc3 Bg7 4. e4 d6 5. f3 O-O 6. Be3 c6 7. Bd3 Nbd7 8. Nge2
a6 9. Qd2 e5 10. d5 cxd5 11. cxd5 Ne8 12. g4 Ndf6 13. Ng3 b5 14. Bh6 Ra7 15.
Bxg7 Nxg7 16. h4 h5 17. gxh5 Nfxh5 18. Nxh5 Nxh5 19. Ne2 Qf6 20. Qe3 Rc7 21.
Kd2 Bd7 22. Rag1 Rfc8 23. Ng3 Nxg3 24. Rxg3 Kf8 25. h5 gxh5 26. Rxh5 Ke7 27.
Rh6 Qf4 28. Qxf4 exf4 29. Rg1 b4 30. Rgh1 Bb5 31. Rh8 Rxh8 32. Rxh8 Bxd3 33.
Kxd3 a5 34. Kd2 Kf6 35. Rh1 Ke5 36. Kd3 a4 37. Rh5+ Kf6 38. Rf5+ Ke7 39. Rxf4
b3 40. axb3 axb3 41. Rh4 Rc2 42. Rh1 Rxb2 43. Rf1 Rg2 44. Ra1 b2 45. Ra7+ Kf6
46. Rb7 Ke5 47. Ke3 f5 48. f4+ Kf6 49. e5+ dxe5 50. Rb6+ Ke7 51. fxe5 Rc2 52.
Rb7+ Ke8 53. e6 Rc5 54. Kd4 Rc2 55. d6 Rd2+ 56. Ke5 Re2+ 57. Kxf5 Rf2+ 58. Kg4
Rc2 59. Rb8+ 1-0

[Event "XI Festival A"]
[Site "Nichelino ITA"]
[Date "2010.10.03"]
[Round "5"]
[White "Pulito, Alberto"]
[Black "Barbiso, Tiziana"]
[Result "1-0"]
[WhiteElo "2263"]
[BlackElo "2035"]
[PlyCount "61"]
[EventDate "2010.09.30"]

1. Nf3 d5 2. d4 Nf6 3. c4 e6 4. Nc3 c6 5. e3 Nbd7 6. Qc2 Bd6 7. g4 Bb4 8. Bd2
Qe7 9. Rg1 Bxc3 10. Bxc3 Ne4 11. Bd3 Nxc3 12. Qxc3 dxc4 13. Bxc4 O-O 14. h4 c5
15. Rd1 b6 16. d5 e5 17. d6 Qf6 18. Bd5 Rb8 19. g5 Qf5 20. g6 hxg6 21. Rg5 Qf6
22. Qc2 Kh8 23. h5 Bb7 24. hxg6 Bxd5 25. Rh5+ Kg8 26. gxf7+ Kxf7 27. Rxd5 Ke8
28. Nxe5 Nxe5 29. Rhxe5+ Kd7 30. Qe4 Kd8 31. Rf5 1-0

[Event "XI Festival A"]
[Site "Nichelino ITA"]
[Date "2010.10.03"]
[Round "6"]
[White "Araniti, Michelangelo"]
[Black "Manni, Stefano"]
[Result "1-0"]
[WhiteElo "1774"]
[BlackElo "2005"]
[PlyCount "53"]
[EventDate "2010.09.30"]

1. Nf3 d5 2. d4 Nf6 3. g3 Bf5 4. Bg2 e6 5. O-O c5 6. c3 Nc6 7. Ne5 Bd6 8. Qa4
Qb6 9. Nd2 Bxe5 10. dxe5 Ng4 11. e4 dxe4 12. Nc4 Qc7 13. Nd6+ Kf8 14. Nb5 Qa5
15. Qxa5 Nxa5 16. Bf4 Nc4 17. b3 a6 18. bxc4 axb5 19. cxb5 f6 20. exf6 Nxf6 21.
Bd6+ Kf7 22. Bxc5 Rhd8 23. a4 Rd3 24. Rfc1 Rc8 25. Bd4 Nd5 26. Bf1 Rd2 27. a5
1-0

[Event "XI Festival A"]
[Site "Nichelino ITA"]
[Date "2010.10.03"]
[Round "6"]
[White "Cacinschi, Alexandru"]
[Black "Moncelli, Giorgio"]
[Result "1/2-1/2"]
[WhiteElo "1959"]
[BlackElo "2089"]
[PlyCount "27"]
[EventDate "2010.09.30"]

1. d4 Nf6 2. Nf3 g6 3. g3 Bg7 4. Bg2 O-O 5. c4 d5 6. cxd5 Nxd5 7. O-O c5 8.
dxc5 Na6 9. c6 bxc6 10. e4 Ndb4 11. Nc3 Nc5 12. Be3 Ncd3 13. Qd2 c5 14. Rad1
1/2-1/2

[Event "III Torneo Serale"]
[Site "Arcevia ITA"]
[Date "2010.10.08"]
[Round "3"]
[White "Censi, Dennis Luigi"]
[Black "Vincioni, Alberto"]
[Result "1-0"]
[WhiteElo "1458"]
[BlackElo "1311"]
[PlyCount "93"]
[EventDate "2010.10.08"]

1. c4 e5 2. Nc3 Nf6 3. Nf3 Nc6 4. e3 Bb4 5. Qc2 O-O 6. Be2 d5 7. O-O d4 8. Ne4
Bf5 9. Bd3 Bxe4 10. Bxe4 Nxe4 11. Qxe4 f5 12. Qd5+ Rf7 13. d3 Qe7 14. Nd2 Rd8
15. Qf3 Bxd2 16. Bxd2 e4 17. dxe4 fxe4 18. Qg3 d3 19. Bc3 d2 20. Rad1 Qd6 21.
f4 exf3 22. Rxf3 Qxg3 23. Rxg3 Rfd7 24. Kf2 Ne7 25. Rxg7+ Kf8 26. Rxh7 Nf5 27.
Rxd7 Rxd7 28. Rxd2 Rf7 29. Ke2 Nd6 30. Bb4 Ke7 31. c5 Nb5 32. c6+ Nd6 33. cxb7
Rf8 34. Bxd6+ cxd6 35. Rc2 Kd7 36. Rc8 Rxc8 37. bxc8=Q+ Kxc8 38. Kd3 Kc7 39.
Kd4 Kc6 40. h4 Kd7 41. h5 Ke7 42. g4 Kf6 43. Kd5 Ke7 44. g5 a5 45. e4 a4 46. b3
axb3 47. axb3 1-0

[Event "III Torneo Serale"]
[Site "Arcevia ITA"]
[Date "2010.10.15"]
[Round "4"]
[White "Albertini, Guidobaldo"]
[Black "Lenci, Leonardo"]
[Result "1-0"]
[WhiteElo "1557"]
[BlackElo "1497"]
[PlyCount "55"]
[EventDate "2010.10.08"]

1. e4 e5 2. Nf3 Nc6 3. Bb5 Qf6 4. c3 Qg6 5. O-O a6 6. Ba4 Nf6 7. d4 Bd6 8. Bxc6
dxc6 9. dxe5 Bh3 10. Ng5 Bg4 11. f3 Bc5+ 12. Kh1 Rd8 13. Qe2 h6 14. exf6 hxg5
15. fxg4 Rxh2+ 16. Kxh2 Qh6+ 17. Kg3 Qh4+ 18. Kf3 gxf6 19. Be3 Bd6 20. Bf2 Qh2
21. g3 Be5 22. Na3 Qh6 23. Rh1 Qf8 24. Rad1 Rxd1 25. Qxd1 f5 26. Bd4 fxg4+ 27.
Kg2 Bd6 28. Rh8 1-0

[Event "III Torneo Serale"]
[Site "Arcevia ITA"]
[Date "2010.10.15"]
[Round "4"]
[White "Giovagnoli, Vincenzo"]
[Black "Agostinelli, Michele"]
[Result "1-0"]
[WhiteElo "1356"]
[BlackElo "1419"]
[PlyCount "59"]
[EventDate "2010.10.08"]

1. e4 e5 2. Nf3 Nc6 3. Bc4 Nf6 4. Nc3 d6 5. Ng5 Be6 6. Bxe6 fxe6 7. Nxe6 Qe7 8.
Ng5 h6 9. Nf3 O-O-O 10. O-O g5 11. d3 Kb8 12. Be3 g4 13. Nd2 h5 14. Bg5 Bg7 15.
b3 Rdg8 16. Nc4 Qe6 17. Bh4 Ne7 18. f3 Ng6 19. Qe1 Nxh4 20. Qxh4 gxf3 21. Rxf3
Ng4 22. Raf1 Qh6 23. Nd5 a6 24. Rf7 Rf8 25. h3 b5 26. Rxf8+ Rxf8 27. Rxf8+ Bxf8
28. Qd8+ Ka7 29. Qxc7+ Ka8 30. Ndb6# 1-0

[Event "III Torneo Serale"]
[Site "Arcevia ITA"]
[Date "2010.10.18"]
[Round "5"]
[White "Censi, Dennis Luigi"]
[Black "Albertini, Guidobaldo"]
[Result "1/2-1/2"]
[WhiteElo "1458"]
[BlackElo "1557"]
[PlyCount "82"]
[EventDate "2010.10.08"]

1. c4 e5 2. Nc3 Nf6 3. Nf3 Nc6 4. g3 Bb4 5. Bg2 d6 6. O-O Bxc3 7. bxc3 O-O 8.
d3 h6 9. Rb1 Rb8 10. Be3 Re8 11. Nd2 Bd7 12. Ne4 Ng4 13. h3 Nxe3 14. fxe3 f5
15. Nd2 Qg5 16. e4 Qxg3 17. exf5 Rf8 18. e4 b6 19. Qf3 Qg5 20. Qe2 Qe7 21. Rf3
Rf6 22. Rg3 Rbf8 23. Rf1 Nd8 24. Nf3 Nb7 25. Nh4 Be8 26. d4 Kh7 27. Nf3 Bh5 28.
Qe3 Na5 29. Nd2 Nc6 30. d5 Na5 31. Bf3 Qf7 32. Qe2 Bxf3 33. Rfxf3 Rg8 34. Qg2
g6 35. fxg6+ Rgxg6 36. Rxg6 Qxg6 37. Rxf6 Qxf6 38. Qg4 Qg6 39. Kg2 Qxg4+ 40.
hxg4 Kg6 41. Kg3 Kg5 1/2-1/2

[Event "III Torneo Serale"]
[Site "Arcevia ITA"]
[Date "2010.10.22"]
[Round "5"]
[White "Vincioni, Alberto"]
[Black "Giovagnoli, Vincenzo"]
[Result "0-1"]
[WhiteElo "1311"]
[BlackElo "1356"]
[PlyCount "78"]
[EventDate "2010.10.08"]

1. e4 e5 2. Nf3 Nc6 3. Bc4 Nf6 4. Ng5 d5 5. exd5 Nxd5 6. Nxf7 Kxf7 7. Qf3+ Ke8
8. Bxd5 Qe7 9. Bxc6+ Bd7 10. Bxb7 Rb8 11. Bc6 Rb6 12. Bxd7+ Qxd7 13. Qh5+ g6
14. Qf3 Bg7 15. O-O Rf8 16. Qa8+ Ke7 17. Qxa7 Rbf6 18. d3 h6 19. Be3 Kf7 20.
Nc3 Kg8 21. Ne4 R6f7 22. Rad1 Qc6 23. Qc5 Qe6 24. b3 Qg4 25. h3 Qh4 26. a4 Bf6
27. Kh2 g5 28. g4 h5 29. Qc4 hxg4 30. Nxf6+ Kh8 31. Nxg4 Rf3 32. Qd5 Rxh3+ 33.
Kg1 Qxg4+ 34. Qg2 Qh5 35. a5 Rh4 36. a6 Rg4 37. Qxg4 Qxg4+ 38. Kh2 Rf6 39. a7
Rh6# 0-1

[Event "III Torneo Serale"]
[Site "Arcevia ITA"]
[Date "2010.10.29"]
[Round "6"]
[White "Albertini, Guidobaldo"]
[Black "Agostinelli, Michele"]
[Result "0-1"]
[WhiteElo "1557"]
[BlackElo "1419"]
[PlyCount "88"]
[EventDate "2010.10.08"]

1. e4 e5 2. Nf3 Nc6 3. Bb5 a6 4. Ba4 Nf6 5. O-O Be7 6. Re1 b5 7. Bb3 d6 8. c3
O-O 9. h3 Na5 10. Bc2 c5 11. d4 cxd4 12. cxd4 Qc7 13. d5 Bb7 14. Nbd2 Rac8 15.
Bd3 Nd7 16. Bf1 f5 17. b4 fxe4 18. Nxe4 Nc4 19. Nfg5 Qb8 20. Qg4 Nf6 21. Qe6+
Kh8 22. Nf7+ Rxf7 23. Qxf7 Bxd5 24. Qxe7 Re8 25. Qxe8+ Qxe8 26. Nxf6 gxf6 27.
Be3 Qg6 28. Rad1 Bb7 29. Rc1 d5 30. Bc5 d4 31. g3 Nd2 32. Bg2 Bxg2 33. Kxg2 Qd3
34. Be7 Qf3+ 35. Kg1 Nc4 36. a4 h5 37. axb5 axb5 38. Ra1 h4 39. g4 f5 40. Bf6+
Kh7 41. Ra7+ Kg6 42. g5 Qxh3 43. Bxe5 Nd2 44. f4 Qg3+ 0-1

[Event "III Torneo Serale"]
[Site "Arcevia ITA"]
[Date "2010.10.29"]
[Round "6"]
[White "Giovagnoli, Vincenzo"]
[Black "Kremer, Gerardus"]
[Result "1-0"]
[WhiteElo "1356"]
[BlackElo "1281"]
[PlyCount "65"]
[EventDate "2010.10.08"]

1. e4 e5 2. Nf3 Nc6 3. Bc4 Be7 4. O-O Bf6 5. c3 Na5 6. Na3 b6 7. b4 Nxc4 8.
Nxc4 d6 9. Ne3 Ne7 10. d4 exd4 11. cxd4 Nc6 12. a3 Ba6 13. Re1 O-O 14. Ng4 Re8
15. Bb2 d5 16. e5 Bg5 17. Nxg5 Qxg5 18. Rc1 Bc8 19. h3 Bxg4 20. hxg4 Re6 21. b5
Na5 22. Qf3 Rc8 23. Qxd5 Rd8 24. Qf3 Rf8 25. Rxc7 Qd2 26. Bc3 Qg5 27. d5 Rh6
28. g3 Nb3 29. d6 Rh3 30. d7 Nc1 31. Rc8 Qh6 32. Rxf8+ Kxf8 33. d8=Q# 1-0

[Event "III Torneo Serale"]
[Site "Arcevia ITA"]
[Date "2010.10.29"]
[Round "6"]
[White "Scuppa, Massimiliano"]
[Black "Censi, Dennis Luigi"]
[Result "0-1"]
[WhiteElo "1419"]
[BlackElo "1458"]
[PlyCount "96"]
[EventDate "2010.10.08"]

1. e4 c5 2. d4 cxd4 3. Qxd4 Nc6 4. Qe3 Nf6 5. h3 a6 6. Bd2 d6 7. Nc3 g6 8.
O-O-O Bg7 9. Be2 Be6 10. f4 O-O 11. g4 Rc8 12. g5 Ne8 13. h4 Nb4 14. Kb1 Qa5
15. a3 Bxc3 16. Bxc3 Ba2+ 17. Kc1 Qa4 18. Rd2 Nc6 19. Nf3 Bc4 20. Nd4 Bxe2 21.
Nxc6 Qxc6 22. Rxe2 Ng7 23. Qd4 f6 24. Qd5+ Qxd5 25. exd5 Nf5 26. Rh3 Kg7 27. h5
Rc5 28. h6+ Kg8 29. Rd3 fxg5 30. fxg5 Kf7 31. Bb4 Rc4 32. b3 Rg4 33. Bd2 Rc8
34. c4 b5 35. Rc3 bxc4 36. bxc4 Rcxc4 37. Kb2 Rxc3 38. Kxc3 Rg3+ 39. Kb4 Rd3
40. Bc3 Rxd5 41. Bg7 Rb5+ 42. Ka4 e5 43. Rc2 Ne3 44. Rc7+ Ke6 45. Bf8 d5 46.
Rxh7 Nc4 47. Re7+ Kf5 48. h7 Nb2# 0-1

[Event "XXII Festival A"]
[Site "Lucca ITA"]
[Date "2010.10.03"]
[Round "2"]
[White "Bonafede, Alessandro"]
[Black "Giuntoli, Andrea"]
[Result "1-0"]
[WhiteElo "2280"]
[BlackElo "1995"]
[PlyCount "45"]
[EventDate "2010.10.02"]

1. e4 e5 2. Nf3 Nf6 3. Nxe5 d6 4. Nf3 Nxe4 5. Nc3 Nf6 6. d4 d5 7. Bg5 Be7 8.
Qd2 Bf5 9. O-O-O O-O 10. Ne5 c6 11. f3 b5 12. h4 Re8 13. g4 Be6 14. Ne2 Nfd7
15. Nf4 Bf6 16. Nh5 Bxg5 17. hxg5 g6 18. Bd3 f6 19. gxf6 Nxf6 20. Qh6 gxh5 21.
Rxh5 Qe7 22. Rg5+ Kh8 23. Ng6+ 1-0

[Event "VII Open Autunno"]
[Site "Robecchetto con Induno ITA"]
[Date "2010.10.07"]
[Round "1"]
[White "Fiocchi, Marco"]
[Black "Paolillo, Giampiero"]
[Result "0-1"]
[WhiteElo "1428"]
[BlackElo "1693"]
[PlyCount "62"]
[EventDate "2010.10.07"]

1. e4 e6 2. d4 d5 3. exd5 exd5 4. Nf3 Bg4 5. Be2 Nf6 6. Ne5 Bxe2 7. Qxe2 Be7 8.
O-O O-O 9. Nc3 c6 10. Bg5 Re8 11. Rae1 Nbd7 12. f4 h6 13. Bh4 Nh7 14. Bxe7 Rxe7
15. Qf3 Qb6 16. Rd1 Rae8 17. Nxd7 Rxd7 18. Na4 Qb4 19. Nc5 Rde7 20. Nd3 Qxd4+
21. Kh1 Qa4 22. Rfe1 Qxc2 23. Rxe7 Rxe7 24. Qg4 Qxd3 25. h3 Qe2 26. Qc8+ Re8
27. Qg4 Qxg4 28. hxg4 Nf6 29. g5 hxg5 30. fxg5 Ne4 31. Re1 Ng3+ 0-1

[Event "VII Open Autunno"]
[Site "Robecchetto con Induno ITA"]
[Date "2010.10.07"]
[Round "1"]
[White "Macchiettini, Pierangelo"]
[Black "Pinciroli, Giovanni"]
[Result "1/2-1/2"]
[WhiteElo "1700"]
[BlackElo "1449"]
[PlyCount "80"]
[EventDate "2010.10.07"]

1. d4 c6 2. c4 d5 3. c5 Nf6 4. Nf3 Bg4 5. e3 Nbd7 6. Be2 e6 7. Nc3 Be7 8. h3
Bh5 9. b4 b5 10. O-O O-O 11. Bb2 a6 12. a4 h6 13. Qb3 Qc7 14. axb5 axb5 15. Ra2
Rxa2 16. Qxa2 Rb8 17. Ra1 Bxf3 18. Bxf3 g6 19. Qb1 Kg7 20. Be2 Rb7 21. Bf3 Ra7
22. Ra2 Rxa2 23. Qxa2 Nb8 24. e4 Qb7 25. e5 Ng8 26. Ne2 Qa6 27. Qb3 f5 28. g4
Bg5 29. gxf5 gxf5 30. Bh5 Ne7 31. h4 Bxh4 32. Nf4 Qc8 33. Qa3 Bg5 34. Qa7 Qd7
35. Nxe6+ Qxe6 36. Qxb8 Ng6 37. Qc7+ Be7 38. Bc1 f4 39. Bxg6 Qxg6+ 40. Kf1 Qd3+
1/2-1/2

[Event "VII Open Autunno"]
[Site "Robecchetto con Induno ITA"]
[Date "2010.10.07"]
[Round "1"]
[White "Rosescu, Liviu"]
[Black "Colombo, Maurizio"]
[Result "0-1"]
[WhiteElo "1494"]
[BlackElo "1775"]
[PlyCount "110"]
[EventDate "2010.10.07"]

1. c4 Nf6 2. d4 g6 3. Nc3 Bg7 4. e4 d6 5. Nf3 O-O 6. Be3 e5 7. dxe5 dxe5 8.
Qxd8 Rxd8 9. c5 a6 10. Bc4 h6 11. O-O Nc6 12. a3 Be6 13. Bxe6 fxe6 14. Rfd1 Ng4
15. Bd2 Nd4 16. h3 Nf6 17. b4 Nxf3+ 18. gxf3 Rd3 19. Kg2 Nh5 20. Be1 Rad8 21.
Rxd3 Rxd3 22. Rd1 Nf4+ 23. Kf1 Rxd1 24. Nxd1 Nxh3 25. Kg2 Nf4+ 26. Kg3 Ne2+ 27.
Kg2 h5 28. Bd2 Nd4 29. Nb2 Bf6 30. Nc4 g5 31. Na5 b6 32. cxb6 cxb6 33. Nc4 b5
34. Na5 Kf7 35. Nb7 Nb3 36. Be3 Be7 37. Nc5 Nxc5 38. bxc5 Ke8 39. Bd2 Bxc5 40.
Bxg5 Bxa3 41. Kf1 Bc5 42. f4 exf4 43. Bxf4 b4 44. Ke2 Kd7 45. Bg5 Kc6 46. f4
Kb5 47. Kd3 a5 48. f5 exf5 49. exf5 Bf8 50. f6 a4 51. f7 a3 52. Kc2 Kc4 53. Bf6
b3+ 54. Kb1 a2+ 55. Kb2 h4 0-1

[Event "VII Open Autunno"]
[Site "Robecchetto con Induno ITA"]
[Date "2010.10.07"]
[Round "1"]
[White "Sartorio, Alessandro"]
[Black "Volpe, Antonio"]
[Result "0-1"]
[WhiteElo "1350"]
[BlackElo "1672"]
[PlyCount "78"]
[EventDate "2010.10.07"]

1. d4 g6 2. c4 Bg7 3. Nc3 d6 4. Bf4 Nd7 5. Nf3 h6 6. e4 e6 7. Bd3 Ne7 8. O-O a6
9. Re1 O-O 10. e5 d5 11. c5 b6 12. b4 g5 13. Bd2 bxc5 14. bxc5 a5 15. Qa4 Ba6
16. Nb5 c6 17. Qc2 Bxb5 18. Bh7+ Kh8 19. Bxg5 Qe8 20. Bh4 Ng6 21. Bxg6 fxg6 22.
Bg3 g5 23. h4 Rf5 24. hxg5 hxg5 25. Qd2 Bh6 26. Bh2 Qh5 27. Qd1 Raf8 28. Nd2
Qxd1 29. Raxd1 Rxf2 30. a3 a4 31. Nf3 Ra2 32. Re3 g4 33. Ng5 Bxg5 34. Rg3 Bf4
35. Rxg4 Bxh2+ 36. Kxh2 Rf7 37. Rg3 Nf8 38. Kh3 Rh7+ 39. Kg4 Be2+ 0-1